Understanding and conducting information systems auditing (Record no. 64902)
[ view plain ]
| 000 -LEADER | |
|---|---|
| fixed length control field | 01296nam a2200313 a 4500 |
| 082 04 - DEWEY DECIMAL CLASSIFICATION NUMBER | |
| Classification number | 658.4038 |
| 100 1# - MAIN ENTRY--AUTHOR NAME | |
| Personal name | Hingarh, Veena. |
| 245 10 - TITLE STATEMENT | |
| Title | Understanding and conducting information systems auditing |
| 260 ## - PUBLICATION, DISTRIBUTION, ETC. (IMPRINT) | |
| Place of publication | Singapore : |
| Name of publisher | John Wiley & Sons Singapore Pte. Ltd., |
| Year of publication | 2013. |
| 300 ## - PHYSICAL DESCRIPTION | |
| Number of Pages | xiii, 316 p. : |
| Other physical details | ill. |
| 500 ## - GENERAL NOTE | |
| General note | Includes index. |
| 505 0# - FORMATTED CONTENTS NOTE | |
| Formatted contents note | pt. 1. Conducting an information systems audit -- pt. 2. Information systems auditing checklists. |
| 650 #0 - SUBJECT ADDED ENTRY--TOPICAL TERM | |
| Topical Term | Electronic data processing |
| 700 1# - ADDED ENTRY--PERSONAL NAME | |
| Personal name | Ahmed, Arif. |
| 856 40 - ELECTRONIC LOCATION AND ACCESS | |
| Uniform Resource Identifier | http://site.ebrary.com/lib/rucke/Doc?id=10657843 |
No items available.
